000 00412nam a2200181Ia 4500
005 20240823052110.0
008 240823s9999||||xx |||||||||||||| ||und||
041 _aENGLISH
082 _A511 Q4
100 _aKrishnakumari K
245 0 _aTheory of Computation
250 _a7th
260 _c2014
_bA R S Publica
500 _aYES
650 _aComputation
_bMathematics
942 _cBK
999 _c221080
_d221080